Objects in the solar system by picture - Statistics

General Stats
  • This quiz has been taken 44 times
  • The average score is 9 of 10
Answer Stats
Picture Answer % Correct
Earth
100%
Jupiter
100%
Mars
100%
Neptune
100%
Venus
100%
Pluto
97%
Saturn
97%
Uranus
97%
Mercury
92%
Ceres
24%
No matching quizzes found
Score Distribution
Percent of People with Each Score
Percentile by Number Answered
Your Score History
You have not taken this quiz